[Event "SC-2015-0-00275"]
[Site "LSS email"]
[Date "2015.10.22"]
[Round "?"]
[White "Brayman, Neal Zvi"]
[Black "Giakatis, Theodoros"]
[Result "1-0"]
[WhiteElo "1872"]
[BlackElo "1822"]
[PlyCount "33"]
[EventDate "2015.09.06"]
[EventType "tourn (corr)"]
[EventRounds "6"]
[EventCountry "GER"]
[SourceTitle "Corr 2022"]
[Source "ChessBase"]
[SourceDate "2021.10.24"]
[SourceVersion "1"]
[SourceVersionDate "2021.10.24"]
[SourceQuality "1"]

1. e4 e6 2. d4 d5 3. Nc3 Nf6 4. e5 Nfd7 5. f4 c5 6. Nf3 Nc6 7. Be3 cxd4 8. Nxd4 Bc5 9. Qd2 0-0 10. 0-0-0 a6 11. h4 Nxd4 12. Bxd4 b5 13. h5 b4 14. Ne2 a5 15. g4 Ba6 16. h6 g6 17. Ng3 1-0

[Event "SC-2015-0-00275"]
[Site "LSS email"]
[Date "2015.10.21"]
[Round "?"]
[White "Giakatis, Theodoros"]
[Black "Herzog, Agnes"]
[Result "0-1"]
[WhiteElo "1822"]
[BlackElo "1650"]
[PlyCount "42"]
[EventDate "2015.09.06"]
[EventType "tourn (corr)"]
[EventRounds "6"]
[EventCountry "GER"]
[SourceTitle "Corr 2022"]
[Source "ChessBase"]
[SourceDate "2021.10.24"]
[SourceVersion "1"]
[SourceVersionDate "2021.10.24"]
[SourceQuality "1"]

1. e4 e5 2. Nf3 Nc6 3. Bb5 Nf6 4. 0-0 Nxe4 5. d4 Nd6 6. Bxc6 dxc6 7. dxe5 Nf5 8. Qxd8+ Kxd8 9. Nc3 Ke8 10. Ne2 Ne7 11. h3 Ng6 12. b3 Be7 13. c4 Kf8 14. Bb2 Kg8 15. Ng3 h5 16. Rad1 Rb8 17. Rfe1 h4 18. Ne2 a6 19. Ned4 c5 20. Nc2 Be6 21. Ne3 c6 0-1

[Event "SD-2012-0-00156"]
[Site "LSS email"]
[Date "2013.01.14"]
[Round "?"]
[White "Giakatis, Theodoros"]
[Black "Eilering, David L"]
[Result "1-0"]
[WhiteElo "1691"]
[BlackElo "1432"]
[PlyCount "53"]
[EventDate "2012.11.27"]
[EventType "tourn (corr)"]
[EventRounds "6"]
[EventCountry "GER"]
[SourceTitle "Telechess CBM 161"]
[Source "ChessBase"]
[SourceDate "2014.07.16"]
[SourceVersion "1"]
[SourceVersionDate "2014.07.16"]
[SourceQuality "1"]

1. e4 c6 2. d4 d5 3. exd5 cxd5 4. c4 Nf6 5. Nc3 e6 6. Nf3 Bb4 7. cxd5 Nxd5 8. Qc2 Nc6 9. Be2 0-0 10. 0-0 Be7 11. Rd1 Bf6 12. Qe4 Nce7 13. Bc4 b6 14. Bg5 Bb7 15. Bxf6 gxf6 16. Rac1 Rc8 17. Nxd5 Nxd5 18. Qh4 Kh8 19. Bd3 f5 20. Ng5 Nf6 21. Rxc8 Bxc8 22. Qh6 Qe7 23. d5 exd5 24. Kf1 Re8 25. g4 Kg8 26. Rd2 Qe1+ 27. Kg2 1-0

[Event "SD-2012-0-00156"]
[Site "LSS email"]
[Date "2013.01.14"]
[Round "?"]
[White "Giakatis, Theodoros"]
[Black "Laczay, Istvan"]
[Result "1-0"]
[WhiteElo "1691"]
[BlackElo "1590"]
[PlyCount "123"]
[EventDate "2012.11.27"]
[EventType "tourn (corr)"]
[EventRounds "6"]
[EventCountry "GER"]
[SourceTitle "Telechess CBM 161"]
[Source "ChessBase"]
[SourceDate "2014.07.16"]
[SourceVersion "1"]
[SourceVersionDate "2014.07.16"]
[SourceQuality "1"]

1. e4 c5 2. Nf3 d6 3. Bb5+ Nd7 4. d4 Ngf6 5. Nc3 cxd4 6. Qxd4 e5 7. Qd3 h6 8. Be3 Be7 9. 0-0 0-0 10. Bc4 a6 11. a4 Qc7 12. a5 Nc5 13. Bxc5 dxc5 14. Nd5 Nxd5 15. Bxd5 Bg4 16. Nd2 Rad8 17. Nc4 Be6 18. Nb6 Bg5 19. Ra3 Qe7 20. Rb3 Bf4 21. Qc4 Bd2 22. Ra1 Bd7 23. Nxd7 Rxd7 24. h4 Qxh4 25. Qxc5 Qe7 26. Qxe7 Rxe7 27. Rxb7 Rxb7 28. Bxb7 Rb8 29. Bxa6 Rxb2 30. Bc4 Rxc2 31. a6 Rxc4 32. a7 Rc8 33. a8Q Rxa8 34. Rxa8+ Kh7 35. Rc8 Kg6 36. Kf1 Bb4 37. Ke2 Kf6 38. Ke3 Ke6 39. g3 h5 40. f4 exf4+ 41. gxf4 g6 42. Rc6+ Ke7 43. f5 gxf5 44. e5 Kf8 45. Kf4 Kg7 46. Kxf5 Be7 47. Rc7 Kf8 48. Rc8+ Kg7 49. Rc6 Bd8 50. Rd6 Be7 51. Rd2 Kf8 52. Ra2 Kg7 53. Rh2 h4 54. Rb2 Bd8 55. Rb8 Be7 56. Rc8 h3 57. Rc3 h2 58. Rg3+ Kf8 59. Rh3 Ke8 60. Rxh2 Kd7 61. Rh7 Ke8 62. e6 1-0